书目信息 |
| 题名: |
无机及分析化学实验
|
|
| 作者: | 侯海鸽 , 朱志彪 , 范乃英 编著 | |
| 分册: | ||
| 出版信息: | 哈尔滨 哈尔滨工业大学出版社 2005 |
|
| 页数: | 243页 | |
| 开本: | 26cm | |
| 丛书名: | ||
| 单 册: | ||
| 中图分类: | O61-3 , O652.1 | |
| 科图分类: | ||
| 主题词: | 无机化学--实验--高等学校--教材 , 分析化学--实验--高等学校--教材 , 无机化学 , 分析化学 | |
| 电子资源: | ||
| ISBN: | 7-5603-2091-0 | |
| 000 | 00989nam0 2200289 450 | |
| 001 | 1550460267 | |
| 005 | 20150131140139.03 | |
| 010 | @a7-5603-2091-0@dCNY23.00 | |
| 100 | @a20050119d2005 em y0chiy0110 ea | |
| 101 | 0 | @achi |
| 102 | @aCN@b230000 | |
| 105 | @ay z 000yy | |
| 200 | 1 | @a无机及分析化学实验@9wu ji ji fen xi hua xue shi yan@f侯海鸽,朱志彪,范乃英编著 |
| 210 | @a哈尔滨@c哈尔滨工业大学出版社@d2005 | |
| 215 | @a243页@d26cm | |
| 330 | @a本书主要包括无机化学实验与定性、定量分析实验两大部分内容,具体分为基本操作实验、化学分析实验、化学原理和性质测试实验、无机化合物的制备实验及综合设计性实验等。 | |
| 606 | 0 | @a无机化学@x实验@x高等学校@j教材 |
| 606 | 0 | @a分析化学@x实验@x高等学校@j教材 |
| 606 | 0 | @a无机化学 |
| 606 | 0 | @a分析化学 |
| 690 | @aO61-3@v4 | |
| 690 | @aO652.1@v4 | |
| 701 | 0 | @a侯海鸽@9hou hai ge@4编著 |
| 701 | 0 | @a朱志彪@9zhu zhi biao@4编著 |
| 701 | 0 | @a范乃英@9fan nai ying@4编著 |
| 801 | 0 | @aCN@bNLC@c20051227 |
| 905 | @aZUCC@dO61-3@eJY10 | |
| 无机及分析化学实验/侯海鸽,朱志彪,范乃英编著.-哈尔滨:哈尔滨工业大学出版社,2005 |
| 243页;26cm |
| ISBN 7-5603-2091-0:CNY23.00 |
| 本书主要包括无机化学实验与定性、定量分析实验两大部分内容,具体分为基本操作实验、化学分析实验、化学原理和性质测试实验、无机化合物的制备实验及综合设计性实验等。 |
| ● |
| 相关链接 |
|
|
|
|
正题名:无机及分析化学实验
索取号:O61-3/JY10
 
预约/预借
| 序号 | 登录号 | 条形码 | 馆藏地/架位号 | 状态 | 备注 |
| 1 | 7862475 | 278624758 | 学院路分馆/ [索取号:O61-3/JY10] | 在馆 | |
| 2 | 7862476 | 278624767 | 学院路分馆/ [索取号:O61-3/JY10] | 在馆 | |
| 3 | 7862477 | 278624776 | 学院路分馆/ [索取号:O61-3/JY10] | 在馆 | |
| 4 | 7862478 | 278624785 | 学院路分馆/ [索取号:O61-3/JY10] | 在馆 |